Az emberről Pilinszky-versek megvilágításában /
Valamely tárgy, jelenség vizsgálatának bevált módszere az illető dolognak egy vele rokon, hozzá bizonyos mértékig hasonló, tőle mégis eltérő másik létezővel való összehasonlítása. Az emberi gondolkodás az érzékeléshez hasonlóan a különbségek váltakozásában, a differenciák tagolásában észlel „világ”-...
Elmentve itt :
| Szerző: | |
|---|---|
| Dokumentumtípus: | Cikk |
| Megjelent: |
2006
|
| Sorozat: | Iskolakultúra
16 No. 1 |
| Online Access: | http://misc.bibl.u-szeged.hu/41171 |
| LEADER | 01265nab a2200181 i 4500 | ||
|---|---|---|---|
| 001 | misc41171 | ||
| 005 | 20191106140706.0 | ||
| 008 | 180709s2006 hu o 0|| zxx d | ||
| 022 | |a 1215-5233 | ||
| 040 | |a SZTE Miscellanea Repozitórium |b hun | ||
| 041 | |a zxx | ||
| 100 | 1 | |a Gáspár Csaba | |
| 245 | 1 | 3 | |a Az emberről |h [elektronikus dokumentum] : |b Pilinszky-versek megvilágításában / |c Gáspár Csaba |
| 260 | |c 2006 | ||
| 300 | |a 93-98 | ||
| 490 | 0 | |a Iskolakultúra |v 16 No. 1 | |
| 520 | 3 | |a Valamely tárgy, jelenség vizsgálatának bevált módszere az illető dolognak egy vele rokon, hozzá bizonyos mértékig hasonló, tőle mégis eltérő másik létezővel való összehasonlítása. Az emberi gondolkodás az érzékeléshez hasonlóan a különbségek váltakozásában, a differenciák tagolásában észlel „világ”-ot; a görögök egyenesen úgy beszélnek világról, mint a különbözőségek rendezett egészéről, mint „kozmosz”-ról. Az egyes létezőket nem önmagukban, hanem a többitől való eltérésük segítségével ragadjuk meg. Istenről úgy beszélünk, hogy megmondjuk, miben különbözik az embertől, és viszont. | |
| 856 | 4 | 0 | |u http://misc.bibl.u-szeged.hu/41171/1/EPA00011_iskolakultura_2006_01_093-098.pdf |z Dokumentum-elérés |